<?xml version="1.0" encoding="UTF-8"?>
<marc:record xmlns:marc="http://www.loc.gov/MARC21/slim">
   <marc:leader>00000nam a2200000 a 4500</marc:leader>
   <marc:datafield ind1=" " ind2=" " tag="653">
      <marc:subfield code="a">Kinderlieder</marc:subfield>
   </marc:datafield>
   <marc:datafield ind1=" " ind2=" " tag="653">
      <marc:subfield code="a">Tonie</marc:subfield>
   </marc:datafield>
   <marc:datafield ind1=" " ind2=" " tag="653">
      <marc:subfield code="a">Hörspiel</marc:subfield>
   </marc:datafield>
   <marc:datafield ind1=" " ind2=" " tag="653">
      <marc:subfield code="a">Wut</marc:subfield>
   </marc:datafield>
   <marc:datafield ind1="0" ind2="0" tag="245">
      <marc:subfield code="a">Der Grolltroll</marc:subfield>
   </marc:datafield>
   <marc:datafield ind1="0" ind2="0" tag="245">
      <marc:subfield code="b">das Liederalbum</marc:subfield>
   </marc:datafield>
   <marc:datafield ind1=" " ind2="1" tag="264">
      <marc:subfield code="a">Düsseldorf</marc:subfield>
      <marc:subfield code="b">Boxine GmbH</marc:subfield>
   </marc:datafield>
   <marc:datafield ind1="1" ind2=" " tag="490">
      <marc:subfield code="a">Tonie</marc:subfield>
   </marc:datafield>
   <marc:datafield ind1="1" ind2=" " tag="520">
      <marc:subfield code="a">Nein! Nein! NEIN! Immer wieder kracht die blöde Hütte zusammen, obwohl sich der kleine Troll so viel Mühe beim Bauen gibt. Die Äpfel wollen nicht vom Baum fallen und die Papierboote versinken eins nach dem andern ... Das macht den kleinen Troll wütend. Richtig wütend. Er ist ein Troll, der grollt. Ein Grolltroll! 13 süße Lieder über Gefühle wie Wut und Groll und wie man Entschuldigung sagt... 01 Grolltroll-Song 02 Kommt, wir pusten die Wolken weg 03 Woher kommt mein Groll? 04 Weg mit dem Grummel, weg mit dem Groll 05 In mir wohnt ein Gewitter 06 Manchmal grolle ich 07 Ich will aber, ich will aber! 08 Gemeinsam gegen den Groll 09 Warum bist du eigentlich sauer? 10 Ich brauch jetzt mal ne Pause 11 Wir haben die Nase voll 12 Entschuldigung 13 Gutenacht-Lied</marc:subfield>
   </marc:datafield>
   <marc:datafield ind1=" " ind2=" " tag="020">
      <marc:subfield code="a">4251192126207</marc:subfield>
      <marc:subfield code="9">4251192126207</marc:subfield>
   </marc:datafield>
   <marc:datafield ind1="0" ind2=" " tag="490">
      <marc:subfield code="v">0</marc:subfield>
   </marc:datafield>
   <marc:datafield ind1=" " ind2=" " tag="300">
      <marc:subfield code="a">1 Tonie, ca. 42 Minuten</marc:subfield>
   </marc:datafield>
</marc:record>
